World Commodity Prices as a Forecasting Tool for Retail Prices : Evidence From the United Kingdom /

This paper investigates, using cointegration and Granger-causality techniques, whether a stable long-run co-movement exists between world commodity prices and U.K. retail prices, and whether short-run changes in commodity prices convey information about future movements in U.K. retail prices. The re...

תיאור מלא

מידע ביבליוגרפי
מחבר ראשי: Thornton, John
מחברים אחרים: Garcia-Herrero, Alicia
פורמט: כתב-עת
שפה:English
יצא לאור: Washington, D.C. : International Monetary Fund, 1997.
סדרה:IMF Working Papers; Working Paper ; No. 1997/070
גישה מקוונת:Full text available on IMF
LEADER 01751cas a2200253 a 4500
001 AALejournalIMF007409
008 230101c9999 xx r poo 0 0eng d
020 |c 5.00 USD 
020 |z 9781451960471 
022 |a 1018-5941 
040 |a BD-DhAAL  |c BD-DhAAL 
100 1 |a Thornton, John. 
245 1 0 |a World Commodity Prices as a Forecasting Tool for Retail Prices :   |b Evidence From the United Kingdom /  |c John Thornton, Alicia Garcia-Herrero. 
264 1 |a Washington, D.C. :  |b International Monetary Fund,  |c 1997. 
300 |a 1 online resource (15 pages) 
490 1 |a IMF Working Papers 
500 |a <strong>Off-Campus Access:</strong> No User ID or Password Required 
500 |a <strong>On-Campus Access:</strong> No User ID or Password Required 
506 |a Electronic access restricted to authorized BRAC University faculty, staff and students 
520 3 |a This paper investigates, using cointegration and Granger-causality techniques, whether a stable long-run co-movement exists between world commodity prices and U.K. retail prices, and whether short-run changes in commodity prices convey information about future movements in U.K. retail prices. The results show noncointegration and no unidirectional Granger causality from commodity to retail prices. These findings suggest that little may be gained from using developments in commodity prices to forecast movements in retail prices in the inflation-targeting framework followed by the U.K. monetary authorities. 
538 |a Mode of access: Internet 
700 1 |a Garcia-Herrero, Alicia. 
830 0 |a IMF Working Papers; Working Paper ;  |v No. 1997/070 
856 4 0 |z Full text available on IMF  |u http://elibrary.imf.org/view/journals/001/1997/070/001.1997.issue-070-en.xml  |z IMF e-Library